| 000 | 00000nam##2200000za#4500 |
| 001 | 9.641395 |
| 003 | CaOODSP |
| 005 | 20210624223206 |
| 007 | cr ||||||||||| |
| 008 | 150407|1977||||xxc|||||o f|0| 0 fre|d |
| 040 | |aCaOODSP|bfre |
| 043 | |an-cn--- |
| 086 | 1 |aA53-968/1959F-PDF |
| 110 | 1 |aCanada.|bAgriculture Canada. |bDirection générale de recherche. |
| 245 | 10|aDescription brève de fleurs vivaces herbacées pour les jardins canadiens / |h[ressource électronique]|c[par] R.W. Oliver. |
| 260 | |aOttawa - Ontario : |bAgriculture Canada. |c1959 (impression de 1977). |
| 300 | |a44p.|btableaux, index |
| 500 | |aPublication historique numérisée par Agriculture et Agroalimentaire Canada. |
| 590 | |a13-17-Supp|b2013-07-25 |
| 691 | 07|aFlore|2gcpds |
| 691 | 07|aJardinage|2gcpds |
| 775 | 08|tDescriptive notes on herbaceous perennials for Canadian gardens / |w(CaOODSP)9.697336 |
| 856 | 40|ahttp://publications.gc.ca|qPDF|s3.05 Mo|uhttps://publications.gc.ca/collections/collection_2013/aac-aafc/agrhist/A53-968-1959-fra.pdf |
| 986 | |a968 |